000 00604nam a2200241Ia 4500
003 OSt
005 20221005113918.0
006 a|||||r|||| 00| 0
007 ta
008 221004b |||||||| |||| 00| 0 tam d
024 _a50915
037 _cTextual
040 _aCRL
_cCRL
_btam
041 _2tam
_atam
082 _aO31,3M96,1, K1
100 _aPillai Sethu Au.
_9625143
245 0 _aAlaiyum kalai yum
260 _c1961
650 _a TAMIL PROSE
650 _aTAMIL LITERATURE
942 _hO31,3M96,1, K1
_cTEXL
_2cc
999 _c1029713
_d1029713